Todas las estaciones de Metrovalencia - Estadísticas

Estadísticas generales
  • Esta prueba ha sido intentada 22 veces
  • La puntuación promedio es 87 de 143
Estadísticas de respuestas
Aqui estaciones % Correcto
Alameda
100%
Colón
100%
Jesús
100%
Xàtiva
100%
Burjassot
93%
Castelló
93%
Facultats Manuel Broseta
93%
Marítim
93%
Paiporta
93%
Picanya
93%
Aeroport de Valencia
86%
Alboraia Palmaret
86%
Alboraia Peris Aragó
86%
Àngel Guimerà
86%
Benimaclet
86%
Burjassot-Godella
86%
Empalme
86%
Llíria
86%
Paterna
86%
Patraix
86%
Safranar
86%
Tarongers Ernest Lluch
86%
Amistat
79%
Aragó
79%
Ayora
79%
Bétera
79%
Fira València
79%
La Coma
79%
Manises
79%
Rafelbunyol
79%
Reus
79%
Riba-Roja de Túria
79%
Torrent
79%
Torrent Avinguda
79%
Túria
79%
Alacant
71%
À Punt
71%
Bailén
71%
Benimàmet
71%
Cabanyal
71%
Campanar
71%
Dr.Lluch
71%
Godella
71%
Mas del Rosari
71%
Mislata
71%
Mislata-Almassil
71%
Picassent
71%
Pont de Fusta
71%
Sant Isidre
71%
Seminari - CEU
71%
Tossal del Rei
71%
Alginet
64%
Avenida del Cid
64%
Benaguasil
64%
Benicalap
64%
Campus
64%
Carlet
64%
Fondo de Benaguasil
64%
La Carrasca
64%
Lloma Llarga Terramelar
64%
Machado
64%
Massamagrell
64%
Moncada-Alfara
64%
Neptú
64%
Nou d'Octubre
64%
Omet
64%
Sagunt
64%
València Sud
64%
Vicente Andres Estellés
64%
Alberic
57%
Almàssera
57%
Ausiàs March
57%
Beniferri
57%
Foios
57%
La Granja
57%
L'Alcúdia
57%
La Pobla de Farnals
57%
L'Eliana
57%
Marxalenes
57%
Massarrojos
57%
Montortal
57%
Museros
57%
Parc Científic
57%
Plaça d'Espanya
57%
Platja Malva-Rosa
57%
Quart de Poblet
57%
Rocafort
57%
Roses
57%
Russafa
57%
Sant Joan
57%
Universidad Politècnica
57%
Albalat dels Sorells
50%
Alfauir
50%
Benimodo
50%
Ciutat Arts I Ciènces - Justìcia
50%
Espioca
50%
Estadi Ciutat de Valéncia
50%
Florista
50%
Horta Vella
50%
La Canyada
50%
Masies
50%
Massalavés
50%
Meliana
50%
Natzaret
50%
Oceanogràfic
50%
Palau de Congressos
50%
Platja les Arenes
50%
Salt de l'Aigua
50%
Sant Miquel dels Reis
50%
Tomás y Valiente
50%
Trinitat
50%
Vicente Zaragoza
50%
Amado Granell Montolivet
43%
Beteró
43%
Campament
43%
Cantereria
43%
Col·legi El Vedat
43%
Faitanar
43%
Garbí
43%
La Cadena
43%
La Pobla de Vallbona
43%
Orriols
43%
Realón
43%
Santa Rita
43%
Sant Ramon
43%
Trànsits
43%
Font Almaguer
36%
Francesc Cubells
36%
Fuente del Jarro
36%
Grau La Marina
36%
Les Carolines - Fira
36%
Montesol
36%
El Clot
29%
Entrepins
29%
Gallipont - Torre del Virrei
29%
La Cova
29%
La Vallesa
29%
Moreres
29%
Valéncia la Vella
29%
Font del Barranc
21%
La Presa
21%
Masia de Traver
21%
Canyameral
7%
No se encontraron pruebas coincidentes
Distribución de puntuación
Porcentaje de gente con cada puntuación
Porcentaje por número respondido
Historial de tus puntuaciones
No has intentado esta prueba.